[Event "4NCL Division 2c"]
[Site "Hinckley Island ENG"]
[Date "2014.05.03"]
[Round "9.11"]
[White "Cooper, John G"]
[Black "Mason, Donald J"]
[Result "1-0"]
[WhiteElo "2327"]
[BlackElo "2212"]
[PlyCount "189"]
[EventDate "2014.05.03"]
[WhiteTeam "South Wales Dragons"]
[BlackTeam "Warwickshire Select 1"]

1. Nf3 d5 2. c4 c6 3. e3 g6 4. Nc3 Bg7 5. d4 Nf6 6. Be2 O-O 7. O-O Nbd7 8. cxd5
Nxd5 9. Nxd5 cxd5 10. Qb3 Nb8 11. Ne5 f6 12. Nd3 Nc6 13. Bd2 e6 14. Rfc1 Rf7
15. a4 Na5 16. Qd1 Nc4 17. Bc3 Bd7 18. Nc5 Nd6 19. Qb3 b6 20. Nxd7 Rxd7 21. Ba6
Rb8 22. Bb4 Rc7 23. Rc2 Rxc2 24. Qxc2 Qd7 25. Rc1 Rd8 26. Qc7 Bf8 27. Qxd7 Rxd7
28. Bc8 Nxc8 29. Rxc8 Rf7 30. Ra8 a5 31. Bd6 Kg7 32. Bg3 Rb7 33. Rb8 Rxb8 34.
Bxb8 Kf7 35. Bc7 Bb4 36. Bxb6 Ke7 37. Kf1 Kd6 38. Bd8 f5 39. Ke2 Kd7 40. Bh4
Kc6 41. f3 Bd6 42. Bg3 Be7 43. Be1 Kb6 44. h3 Ka6 45. Kd3 Kb6 46. Bg3 Kc6 47.
Be5 Kb6 48. Ke2 Kc6 49. Kf2 Bh4+ 50. Bg3 Be7 51. Bf4 Bh4+ 52. Kg1 Be7 53. Kh2
Kb6 54. Kg3 Kc6 55. Be5 Bg5 56. Kf2 Bh4+ 57. Ke2 Be7 58. Bg7 Kb6 59. Bh6 Kc6
60. Kd3 Kb6 61. e4 Kc6 62. Ke3 Kb6 63. g4 fxe4 64. fxe4 Kc6 65. Kf4 Bf6 66. Ke3
Be7 67. Bg7 Bg5+ 68. Kf3 Bc1 69. b3 Bd2 70. Bf8 Kb6 71. Ke2 Bc3 72. Kd3 Be1 73.
Be7 Ka6 74. Bc5 Kb7 75. exd5 exd5 76. Ke3 Bg3 77. b4 axb4 78. Bxb4 Kc6 79. Be7
Bc7 80. Bc5 Bg3 81. Kf3 Bc7 82. Ke2 Bh2 83. Kd3 Bg3 84. Be7 Bc7 85. Bf6 Ba5 86.
Ke3 Bc7 87. Be5 Bd8 88. Kf4 Be7 89. Bg7 Kd6 90. a5 Bd8 91. a6 Bb6 92. Kg5 Ke6
93. Kh6 Kf7 94. Kxh7 Ba7 95. Be5 1-0

[Event "4NCL Division 2c"]
[Site "Hinckley Island ENG"]
[Date "2014.05.03"]
[Round "9.13"]
[White "Redmond, John P"]
[Black "Pitcher, John"]
[Result "1-0"]
[WhiteElo "2245"]
[BlackElo "2252"]
[PlyCount "63"]
[EventDate "2014.05.03"]
[WhiteTeam "South Wales Dragons"]
[BlackTeam "Warwickshire Select 1"]

1. c4 c6 2. Nf3 Nf6 3. Nc3 d5 4. d4 a6 5. e3 b5 6. c5 Nbd7 7. Bd2 a5 8. a3 Qc7
9. b4 e5 10. bxa5 e4 11. Ng1 Rxa5 12. a4 bxa4 13. Rxa4 Rxa4 14. Qxa4 h5 15. Na2
Be7 16. Nb4 Nb8 17. Ne2 h4 18. Nc3 Rh5 19. Qa8 Bd8 20. Nxc6 Nxc6 21. Nb5 Qb8
22. Nd6+ Kd7 23. Qxb8 Nxb8 24. Bb5+ Ke6 25. Nxc8 Bc7 26. O-O g5 27. Ra1 Rh8 28.
Na7 g4 29. Be2 g3 30. fxg3 hxg3 31. h3 Nbd7 32. Nb5 1-0

[Event "4NCL Division 2c"]
[Site "Hinckley Island ENG"]
[Date "2014.05.03"]
[Round "9.14"]
[White "Thomas, Nicholas"]
[Black "Morris, Charles F"]
[Result "0-1"]
[WhiteElo "2296"]
[BlackElo "2142"]
[PlyCount "66"]
[EventDate "2014.05.03"]
[WhiteTeam "Warwickshire Select 1"]
[BlackTeam "South Wales Dragons"]

1. e4 e6 2. d4 d5 3. Nd2 Nf6 4. e5 Nfd7 5. c3 c5 6. Bd3 Nc6 7. Ndf3 cxd4 8.
cxd4 f6 9. exf6 Nxf6 10. Nh3 Bb4+ 11. Bd2 Qa5 12. Bxb4 Qxb4+ 13. Qd2 Ne4 14.
Qxb4 Nxb4 15. Bb1 O-O 16. Ne5 Nd6 17. Ng5 g6 18. h4 Rf4 19. h5 Rxd4 20. hxg6
hxg6 21. Rh6 Kf8 22. Rxg6 Rh4 23. f3 Rh1+ 24. Kf2 d4 25. Rf6+ Ke7 26. Rf4 Nc2
27. Ng6+ Kd8 28. Bxc2 Rxa1 29. Rxd4 Kc7 30. Bb3 Bd7 31. Ne5 Rd8 32. Bxe6 Bb5
33. Bb3 Rf1+ 0-1

[Event "4NCL Division 2c"]
[Site "Hinckley Island ENG"]
[Date "2014.05.03"]
[Round "9.15"]
[White "Jameson, David"]
[Black "James, Ann-Marie"]
[Result "1/2-1/2"]
[WhiteElo "2101"]
[BlackElo "2084"]
[PlyCount "82"]
[EventDate "2014.05.03"]
[WhiteTeam "South Wales Dragons"]
[BlackTeam "Warwickshire Select 1"]

1. e4 e5 2. Nf3 Nc6 3. d4 exd4 4. Nxd4 Bb4+ 5. c3 Be7 6. Nxc6 bxc6 7. Bc4 d6 8.
Qb3 Nf6 9. Bxf7+ Kf8 10. e5 dxe5 11. O-O Bg4 12. Bc4 Bc5 13. Bg5 Rb8 14. Qc2
Qd7 15. b4 Bd6 16. Nd2 Bf5 17. Qd1 Re8 18. Qe2 Nd5 19. Ne4 h6 20. Bd2 Nf6 21.
f3 Be6 22. Rad1 Nxe4 23. fxe4+ Kg8 24. Qg4 Kh7 25. Bxe6 Qxe6 26. Qxe6 Rxe6 27.
Rf7 Kg6 28. Rdf1 a5 29. a3 axb4 30. cxb4 Ra8 31. R7f3 c5 32. Rg3+ Kh7 33. Rc1
cxb4 34. Bxb4 Bxb4 35. axb4 c6 36. Rgc3 Rb8 37. Rc4 Rb6 38. Kf2 Kg6 39. Ke3 Kf6
40. Ra1 Re7 41. Rac1 Re6 1/2-1/2

[Event "4NCL Division 2c"]
[Site "Hinckley Island ENG"]
[Date "2014.05.03"]
[Round "9.16"]
[White "Stepanyan, Henrik"]
[Black "James, David J"]
[Result "1/2-1/2"]
[WhiteElo "2022"]
[BlackElo "2169"]
[PlyCount "50"]
[EventDate "2014.05.03"]
[WhiteTeam "Warwickshire Select 1"]
[BlackTeam "South Wales Dragons"]

1. c4 e5 2. Nc3 Nf6 3. Nf3 Nc6 4. e3 d6 5. Be2 e4 6. Nd4 Ne5 7. d3 Nxd3+ 8.
Bxd3 exd3 9. Qxd3 g6 10. Nd5 a6 11. Nxf6+ Qxf6 12. Bd2 Bg7 13. Bc3 O-O 14. O-O
Qe7 15. e4 Bd7 16. Rae1 b5 17. b3 b4 18. Ba1 Rfe8 19. Nc2 Bxa1 20. Rxa1 a5 21.
Ne3 Bc6 22. Nd5 Bxd5 23. exd5 Qe2 24. Qxe2 Rxe2 25. Rfe1 Rxe1+ 1/2-1/2

[Event "4NCL Division 2c"]
[Site "Hinckley Island ENG"]
[Date "2014.05.03"]
[Round "9.17"]
[White "Roberts, David L"]
[Black "Shephard, Chris CW"]
[Result "0-1"]
[WhiteElo "2041"]
[BlackElo "2174"]
[PlyCount "72"]
[EventDate "2014.05.03"]
[WhiteTeam "South Wales Dragons"]
[BlackTeam "Warwickshire Select 1"]

1. e4 c5 2. Nf3 Nc6 3. d4 cxd4 4. Nxd4 Nf6 5. Nc3 e5 6. Ndb5 d6 7. Nd5 Nxd5 8.
exd5 Nb8 9. c4 a6 10. Nc3 Be7 11. Bd3 O-O 12. O-O f5 13. f4 Nd7 14. Kh1 g6 15.
Be3 Bf6 16. Rc1 Re8 17. b4 Qe7 18. c5 exf4 19. Bxf4 Ne5 20. Re1 Bd7 21. Bc4 Kh8
22. c6 bxc6 23. dxc6 Bxc6 24. Bd5 Rac8 25. Qb3 Qf8 26. Bxc6 Rxc6 27. Nd5 Rxc1
28. Rxc1 g5 29. Bd2 f4 30. Rc7 Bg7 31. h3 f3 32. gxf3 Nxf3 33. Bc3 Ne5 34. Qd1
Qf5 35. Kg2 Qe4+ 36. Kg3 Rf8 0-1

[Event "4NCL Division 2c"]
[Site "Hinckley Island ENG"]
[Date "2014.05.03"]
[Round "9.18"]
[White "Baruch, Andrew JD"]
[Black "Lochte, Szilvia"]
[Result "1/2-1/2"]
[WhiteElo "2060"]
[BlackElo "1902"]
[PlyCount "35"]
[EventDate "2014.05.03"]
[WhiteTeam "Warwickshire Select 1"]
[BlackTeam "South Wales Dragons"]

1. g3 d5 2. c4 c6 3. Bg2 Nf6 4. Nf3 dxc4 5. Qc2 Qd5 6. Nh4 Qd4 7. Na3 Be6 8.
Nf3 Qe4 9. Qxe4 Nxe4 10. Nd4 Bd5 11. f3 Nd6 12. e4 e5 13. exd5 exd4 14. d3 cxd5
15. f4 Nc6 16. Bxd5 Nb4 17. dxc4 Nxd5 18. cxd5 1/2-1/2

[Event "4NCL Division 2c"]
[Site "Hinckley Island ENG"]
[Date "2014.05.03"]
[Round "9.21"]
[White "Holland, James P"]
[Black "Lee, Richard WY"]
[Result "0-1"]
[WhiteElo "2260"]
[BlackElo "2152"]
[PlyCount "76"]
[EventDate "2014.05.03"]
[WhiteTeam "BCM Dragons (1)"]
[BlackTeam "Cambridge University 2"]

1. Nf3 d5 2. c4 c6 3. g3 Nf6 4. Bg2 g6 5. O-O Bg7 6. b3 O-O 7. Bb2 b6 8. Nc3
Bb7 9. d4 Nbd7 10. Qc2 Qc7 11. e4 dxe4 12. Nxe4 Rfe8 13. Rfe1 e6 14. Ne5 c5 15.
Nxf6+ Nxf6 16. Bxb7 Qxb7 17. dxc5 bxc5 18. Qd2 Red8 19. Qf4 a5 20. Re3 a4 21.
Rae1 Rd2 22. Bc3 Rxa2 23. bxa4 R2xa4 24. g4 Rd8 25. h4 Qc7 26. h5 Nd5 27. Qe4
Nxc3 28. Rxc3 Rd4 29. Qc2 Bxe5 30. Qxa4 Rxg4+ 31. Kf1 Bxc3 32. h6 Qe7 33. Rb1
Bb4 34. Ra1 Rd4 35. Qa8+ Rd8 36. Qf3 Bd2 37. Ra7 Qxa7 38. Qf6 Bxh6 0-1

[Event "4NCL Division 2c"]
[Site "Hinckley Island ENG"]
[Date "2014.05.03"]
[Round "9.22"]
[White "Churm, Rohan M"]
[Black "Thompson, Ian D"]
[Result "0-1"]
[WhiteElo "2175"]
[BlackElo "2213"]
[PlyCount "122"]
[EventDate "2014.05.03"]
[WhiteTeam "Cambridge University 2"]
[BlackTeam "BCM Dragons (1)"]

1. e4 e6 2. d4 d5 3. Nd2 Nf6 4. e5 Nfd7 5. Bd3 c5 6. c3 Nc6 7. Ne2 cxd4 8. cxd4
f6 9. exf6 Qxf6 10. O-O Bd6 11. Nf3 h6 12. Ng3 O-O 13. Bc2 Rd8 14. Be3 Nf8 15.
a3 Bd7 16. Qd2 Be8 17. Rac1 Rac8 18. Ne1 e5 19. Nf5 exd4 20. Nxd4 Ne5 21. Nef3
Nc4 22. Qe2 a6 23. Bd3 Bf7 24. Nf5 Nxe3 25. Rxc8 Rxc8 26. Nxd6 Qxd6 27. Qxe3
Re8 28. Qd2 Ne6 29. Rd1 Nf4 30. Bf1 Bh5 31. Qc3 Rf8 32. Kh1 Qb6 33. Rd2 Ne6 34.
Qe3 Qxe3 35. fxe3 Ng5 36. Be2 Nxf3 37. gxf3 Bxf3+ 38. Bxf3 Rxf3 39. Rxd5 Rxe3
40. Rd2 Kf7 41. Kg2 Ke6 42. Kf2 Rb3 43. Ke2 g5 44. Kf2 h5 45. Kg2 Ke5 46. Rc2
Kd4 47. Re2 g4 48. Rf2 Ke3 49. Rc2 h4 50. Rf2 Rd3 51. Rf7 Rd2+ 52. Kg1 Rxb2 53.
Re7+ Kf4 54. Rf7+ Kg5 55. Rg7+ Kf5 56. Rh7 h3 57. Rf7+ Kg6 58. Rf4 Rg2+ 59. Kh1
Kg5 60. Rb4 b5 61. a4 Ra2 0-1

[Event "4NCL Division 2c"]
[Site "Hinckley Island ENG"]
[Date "2014.05.03"]
[Round "9.24"]
[White "Karayiannis, Costas"]
[Black "Coates, Kenneth G"]
[Result "1-0"]
[WhiteElo "2160"]
[BlackElo "2159"]
[PlyCount "81"]
[EventDate "2014.05.03"]
[WhiteTeam "Cambridge University 2"]
[BlackTeam "BCM Dragons (1)"]

1. d4 d5 2. c4 c6 3. Nf3 Nf6 4. e3 e6 5. Nbd2 Nbd7 6. Bd3 Bd6 7. O-O O-O 8. e4
dxe4 9. Nxe4 Nxe4 10. Bxe4 Nf6 11. Bc2 Bd7 12. b3 Rc8 13. Bb2 c5 14. Qd3 g6 15.
dxc5 Be7 16. Rad1 Bc6 17. Qc3 Qc7 18. Ne5 h5 19. b4 Rfd8 20. Rxd8+ Rxd8 21.
Nxc6 Qxc6 22. Rd1 Rxd1+ 23. Bxd1 a5 24. a3 axb4 25. axb4 Kf8 26. Bf3 Qc7 27. g3
Ke8 28. Qa3 Qb8 29. Qa5 Nd7 30. Qb5 Kd8 31. Bxb7 Qa7 32. Qc6 Qb8 33. Bd4 h4 34.
Kg2 hxg3 35. hxg3 Qc7 36. Qb5 e5 37. Be3 f5 38. c6 f4 39. Ba7 f3+ 40. Kxf3 e4+
41. Kg2 1-0

[Event "4NCL Division 2c"]
[Site "Hinckley Island ENG"]
[Date "2014.05.03"]
[Round "9.25"]
[White "Tavares, Shawn P"]
[Black "Beckett, Chris J"]
[Result "0-1"]
[WhiteElo "2126"]
[BlackElo "2121"]
[PlyCount "80"]
[EventDate "2014.05.03"]
[WhiteTeam "BCM Dragons (1)"]
[BlackTeam "Cambridge University 2"]

1. Nf3 Nf6 2. c4 e6 3. g3 d5 4. b3 d4 5. Bb2 c5 6. e3 Nc6 7. exd4 cxd4 8. Bg2
Be7 9. O-O e5 10. Re1 Nd7 11. a3 a5 12. d3 O-O 13. Nbd2 f5 14. Qc2 Kh8 15. c5
Bxc5 16. Nc4 Qf6 17. Re2 Ba7 18. Rae1 Bb8 19. Rc1 Ra6 20. a4 Nb6 21. Ba3 Rd8
22. Nxb6 Rxb6 23. Bc5 Ra6 24. Qd2 Be6 25. Ng5 Bd5 26. Bxd5 Rxd5 27. f4 h6 28.
Nf3 Bd6 29. Bxd6 Qxd6 30. Rce1 exf4 31. Re8+ Kh7 32. R1e6 Qc7 33. gxf4 Nb4 34.
Rxa6 bxa6 35. Qe2 Qxf4 36. Re7 Qg4+ 37. Kf2 Rc5 38. Ne1 Qh4+ 39. Kf1 Nd5 40.
Re5 Nf4 0-1

[Event "4NCL Division 2c"]
[Site "Hinckley Island ENG"]
[Date "2014.05.03"]
[Round "9.27"]
[White "Farrand, Tom"]
[Black "Gordon-Brown, Alexander J"]
[Result "1-0"]
[WhiteElo "2168"]
[BlackElo "2010"]
[PlyCount "101"]
[EventDate "2014.05.03"]
[WhiteTeam "BCM Dragons (1)"]
[BlackTeam "Cambridge University 2"]

1. e4 e6 2. d4 d5 3. Nc3 Nf6 4. Bg5 dxe4 5. Nxe4 Be7 6. Bxf6 gxf6 7. Nf3 Nd7 8.
g3 a6 9. Bg2 b5 10. Nfd2 Rb8 11. O-O Bb7 12. Nb3 Bd5 13. Re1 c6 14. Qe2 O-O 15.
Rad1 Qb6 16. Nbc5 Rbd8 17. Qg4+ Kh8 18. Qh4 Rg8 19. Nxd7 Rxd7 20. Nxf6 Bxf6 21.
Qxf6+ Rg7 22. Bxd5 cxd5 23. Re5 Qd8 24. Qxd8+ Rxd8 25. Rd3 Rc8 26. c3 Rc6 27.
f4 f6 28. Re2 Kg8 29. f5 exf5 30. Re8+ Kf7 31. Rd8 b4 32. Rxd5 bxc3 33. bxc3
Ke6 34. Ra5 Rb6 35. Re3+ Kf7 36. Rxf5 Rb1+ 37. Rf1 Rb2 38. Rf2 Rb1+ 39. Kg2 Rc1
40. Rd2 Rg5 41. d5 Re5 42. Rxe5 fxe5 43. Kf3 Ke7 44. d6+ Kd7 45. Ke4 Re1+ 46.
Kd5 e4 47. Rf2 e3 48. Rf7+ Ke8 49. Re7+ Kf8 50. c4 e2 51. Kc5 1-0

[Event "4NCL Division 2c"]
[Site "Hinckley Island ENG"]
[Date "2014.05.03"]
[Round "9.28"]
[White "Ivanov, George"]
[Black "Grieve, Harry"]
[Result "1-0"]
[WhiteElo "1701"]
[BlackElo "1683"]
[PlyCount "29"]
[EventDate "2014.05.03"]
[WhiteTeam "Cambridge University 2"]
[BlackTeam "BCM Dragons (1)"]

1. e4 b6 2. d4 Bb7 3. Bd3 f5 4. Nd2 Nf6 5. Qe2 d6 6. Ngf3 fxe4 7. Nxe4 Nbd7 8.
Neg5 Bd5 9. c4 Bg8 10. Ne6 Qc8 11. Nfg5 g6 12. O-O Nb8 13. Re1 Nc6 14. Nxf8
Kxf8 15. d5 1-0

[Event "4NCL Division 2c"]
[Site "Hinckley Island ENG"]
[Date "2014.05.03"]
[Round "9.31"]
[White "Richardson, John R"]
[Black "Merry, Alan B"]
[Result "0-1"]
[WhiteElo "2335"]
[BlackElo "2296"]
[PlyCount "42"]
[EventDate "2014.05.03"]
[WhiteTeam "The AD's"]
[BlackTeam "Anglian Avengers 1"]

1. Nf3 c5 2. g3 Nc6 3. Bg2 g6 4. d4 cxd4 5. Nxd4 Bg7 6. c3 Nf6 7. O-O d5 8. Bf4
Qb6 9. Qb3 Nxd4 10. Qxb6 Nxe2+ 11. Kh1 axb6 12. Be3 d4 13. cxd4 Ng4 14. Na3 O-O
15. Nb5 Bd7 16. Nc7 Rac8 17. Nd5 Rc2 18. Nxb6 Bf5 19. Rfd1 Bh6 20. Rf1 Bxe3 21.
fxe3 Nxe3 0-1

[Event "4NCL Division 2c"]
[Site "Hinckley Island ENG"]
[Date "2014.05.03"]
[Round "9.32"]
[White "Spence, David J"]
[Black "Wheeler, Darren P"]
[Result "1/2-1/2"]
[WhiteElo "2220"]
[BlackElo "2259"]
[PlyCount "31"]
[EventDate "2014.05.03"]
[WhiteTeam "Anglian Avengers 1"]
[BlackTeam "The AD's"]

1. e4 e6 2. d4 d5 3. Nd2 Nf6 4. e5 Nfd7 5. c3 c5 6. Bd3 Nc6 7. Ndf3 cxd4 8.
cxd4 f6 9. exf6 Nxf6 10. Ne2 Bd6 11. O-O Qc7 12. Bg5 O-O 13. Rc1 Nh5 14. Bh4 g6
15. Bb5 Bd7 16. Bg3 1/2-1/2

[Event "4NCL Division 2c"]
[Site "Hinckley Island ENG"]
[Date "2014.05.03"]
[Round "9.33"]
[White "Snape, Ian L"]
[Black "Mayhew, Andrew"]
[Result "1/2-1/2"]
[WhiteElo "2206"]
[BlackElo "2102"]
[PlyCount "42"]
[EventDate "2014.05.03"]
[WhiteTeam "The AD's"]
[BlackTeam "Anglian Avengers 1"]

1. d4 d5 2. Nf3 Nf6 3. g3 c6 4. Bg2 e6 5. O-O Nbd7 6. Nbd2 Bd6 7. Re1 O-O 8. e4
dxe4 9. Nxe4 Nxe4 10. Rxe4 Qc7 11. c4 b6 12. b3 e5 13. dxe5 Nxe5 14. Nxe5 Bxe5
15. Bf4 Bxf4 16. Rxf4 Be6 17. Qh5 Rad8 18. Be4 g6 19. Qg5 f5 20. Bg2 Qe5 21.
Rf1 c5 1/2-1/2

[Event "4NCL Division 2c"]
[Site "Hinckley Island ENG"]
[Date "2014.05.03"]
[Round "9.34"]
[White "Taylor, Adam C"]
[Black "Swindells, Jonathan E"]
[Result "1-0"]
[WhiteElo "2094"]
[BlackElo "2161"]
[PlyCount "55"]
[EventDate "2014.05.03"]
[WhiteTeam "Anglian Avengers 1"]
[BlackTeam "The AD's"]

1. c4 g6 2. g3 Bg7 3. Bg2 Nf6 4. e4 d6 5. Ne2 O-O 6. O-O e5 7. Nbc3 Be6 8. d3
c6 9. Rb1 Qd7 10. f4 Bh3 11. f5 Bxg2 12. Kxg2 d5 13. cxd5 cxd5 14. Bg5 dxe4 15.
Bxf6 exd3 16. Bxg7 Qc6+ 17. Rf3 dxe2 18. Qxe2 Kxg7 19. f6+ Kh8 20. Qe3 Nd7 21.
Ne4 Nxf6 22. Nxf6 Qc2+ 23. Rf2 Qxb1 24. Qxe5 Qxa2 25. Nh5+ f6 26. Rxf6 Kg8 27.
Rxg6+ Kf7 28. Rg7# 1-0

[Event "4NCL Division 2c"]
[Site "Hinckley Island ENG"]
[Date "2014.05.03"]
[Round "9.35"]
[White "Besedin, Pavel"]
[Black "Player, Edmund C"]
[Result "0-1"]
[WhiteElo "2126"]
[BlackElo "2246"]
[PlyCount "56"]
[EventDate "2014.05.03"]
[WhiteTeam "The AD's"]
[BlackTeam "Anglian Avengers 1"]

1. e4 e6 2. e5 d5 3. f4 c5 4. Nf3 Nc6 5. Nc3 a6 6. a4 f6 7. Qe2 Qc7 8. exf6
Nxf6 9. d3 Bd6 10. g3 O-O 11. Bg2 Bd7 12. O-O Rae8 13. b3 e5 14. Nxe5 Nxe5 15.
fxe5 Bxe5 16. Qd2 Bd4+ 17. Kh1 Qe5 18. Bb2 Ng4 19. Rae1 Qh5 20. Bxd5+ Kh8 21.
Rxe8 Qxe8 22. Rxf8+ Qxf8 23. Qf4 Qe8 24. Be4 Be3 25. Qd6 Nf2+ 26. Kg2 Bd4 27.
Qf4 Bh3+ 28. Kf3 Qh5+ 0-1

[Event "4NCL Division 2c"]
[Site "Hinckley Island ENG"]
[Date "2014.05.03"]
[Round "9.36"]
[White "Munson, Shaun D"]
[Black "Anderton, David W"]
[Result "1-0"]
[WhiteElo "2163"]
[BlackElo "2191"]
[PlyCount "107"]
[EventDate "2014.05.03"]
[WhiteTeam "Anglian Avengers 1"]
[BlackTeam "The AD's"]

1. d4 f5 2. e4 fxe4 3. Nc3 Nf6 4. Bg5 Nc6 5. d5 Ne5 6. Qe2 Nf7 7. Nh3 Nxg5 8.
Nxg5 g6 9. O-O-O Bh6 10. h4 O-O 11. Kb1 c6 12. dxc6 Qb6 13. cxd7 Bxd7 14. Ncxe4
Bg7 15. c3 Bf5 16. f3 Rac8 17. Qb5 Qxb5 18. Bxb5 h6 19. g4 Nxg4 20. fxg4 Bxg4
21. Nh3 Bxd1 22. Rxd1 Rc7 23. Bd7 Bf6 24. Nf4 Bxh4 25. Nxg6 Rxd7 26. Rxd7 Rf1+
27. Kc2 Re1 28. Nxh4 Rxe4 29. Nf5 Re2+ 30. Kb3 h5 31. Rxe7 Rxe7 32. Nxe7+ Kf7
33. Nd5 h4 34. Ne3 Kf6 35. Kc4 Kg5 36. Kd3 h3 37. Nf1 Kf4 38. Ke2 b5 39. b3 a5
40. a4 bxa4 41. bxa4 Ke5 42. Kf3 h2 43. Kg2 Ke4 44. Nd2+ Kd3 45. c4 Kd4 46.
Kxh2 Kc5 47. Kg3 Kb4 48. Kf4 Kxa4 49. Ke3 Kb4 50. Kd4 a4 51. Nb1 Kb3 52. c5 Kb2
53. Nd2 Kc2 54. Nc4 1-0

[Event "4NCL Division 2c"]
[Site "Hinckley Island ENG"]
[Date "2014.05.03"]
[Round "9.37"]
[White "Bellin, Jana M"]
[Black "Talsma, Paul A"]
[Result "1/2-1/2"]
[WhiteElo "2086"]
[BlackElo "2172"]
[PlyCount "90"]
[EventDate "2014.05.03"]
[WhiteTeam "The AD's"]
[BlackTeam "Anglian Avengers 1"]

1. Nf3 Nf6 2. d4 c5 3. d5 e6 4. c4 b5 5. Nc3 b4 6. Na4 d6 7. g3 e5 8. Bg2 g6 9.
Nd2 Bg7 10. e4 Nbd7 11. b3 Nb6 12. Nb2 a5 13. a3 Bg4 14. Qc2 Qc8 15. h3 Bd7 16.
axb4 axb4 17. Rxa8 Nxa8 18. Nd3 Nh5 19. g4 Nf6 20. Nf1 h5 21. g5 Nh7 22. h4 Qd8
23. Nh2 O-O 24. O-O Qe7 25. f4 exf4 26. Nxf4 Qe5 27. Nf3 Qc3 28. Qb1 Nc7 29.
Ne2 Qa1 30. Qxa1 Bxa1 31. Bf4 Bg7 32. Bxd6 Rc8 33. Be5 f6 34. gxf6 Nxf6 35.
Bxf6 Bxf6 36. e5 Bg7 37. Nf4 Bf5 38. d6 Ne6 39. Nd5 Re8 40. Ne7+ Rxe7 41. dxe7
Kf7 42. Ra1 Kxe7 43. Ra7+ Kf8 44. Ra8+ Ke7 45. Ra7+ Kf8 1/2-1/2

[Event "4NCL Division 2c"]
[Site "Hinckley Island ENG"]
[Date "2014.05.03"]
[Round "9.38"]
[White "Gray, Mark S"]
[Black "Stockwell, Mark B"]
[Result "1/2-1/2"]
[WhiteElo "2086"]
[BlackElo "1976"]
[PlyCount "70"]
[EventDate "2014.05.03"]
[WhiteTeam "Anglian Avengers 1"]
[BlackTeam "The AD's"]

1. e4 c5 2. Nf3 e6 3. b3 Nf6 4. e5 Nd5 5. Bb2 Nc6 6. c4 Nde7 7. g3 Nf5 8. Bg2
d5 9. exd6 Bxd6 10. O-O O-O 11. Nc3 Be7 12. Ne4 Qc7 13. Qe2 Rd8 14. Rad1 b6 15.
g4 Nfd4 16. Nxd4 cxd4 17. d3 e5 18. Ng3 Be6 19. Bc1 Bf8 20. Ne4 Be7 21. f4 exf4
22. Bxf4 Qd7 23. h3 Rac8 24. Ng5 Bxg5 25. Bxg5 Re8 26. Qf2 a5 27. Be4 Ne5 28.
Rde1 Rc5 29. Bf4 Ng6 30. Bc1 Nf8 31. Re2 h5 32. Ba3 Rg5 33. Bc1 Rc5 34. Ba3 Rg5
35. Bc1 Rc5 1/2-1/2

[Event "4NCL Division 2c"]
[Site "Hinckley Island ENG"]
[Date "2014.05.03"]
[Round "9.41"]
[White "Suarez Garcia, Carlos"]
[Black "Rudd, Jack"]
[Result "0-1"]
[WhiteElo "2376"]
[BlackElo "2218"]
[PlyCount "74"]
[EventDate "2014.05.03"]
[WhiteTeam "Hackney"]
[BlackTeam "Bristol 1"]

1. d4 Nf6 2. c4 g6 3. g3 Bg7 4. Bg2 O-O 5. Nc3 c5 6. Nf3 Nc6 7. O-O d6 8. dxc5
dxc5 9. Qa4 Bd7 10. Be3 b6 11. Qc2 Qc8 12. Rfd1 Bh3 13. Bh1 Ng4 14. Bd2 Nge5
15. Nxe5 Bxe5 16. Bh6 Nd4 17. Qe4 Qe6 18. f4 Bf6 19. Bxf8 Rxf8 20. Qxe6 Bxe6
21. Rac1 Bxc4 22. e3 Nf5 23. Kf2 Re8 24. Bc6 Rc8 25. Bd7 Rc7 26. Bxf5 gxf5 27.
b3 Bxc3 28. bxc4 Bf6 29. h3 h5 30. Rd8+ Kg7 31. Rcd1 a6 32. Rb8 Rc6 33. a4 Bc3
34. Rd5 h4 35. Rxf5 hxg3+ 36. Kxg3 Rg6+ 37. Rg5 Rxg5+ 0-1

[Event "4NCL Division 2c"]
[Site "Hinckley Island ENG"]
[Date "2014.05.03"]
[Round "9.42"]
[White "Beaumont, Chris R"]
[Black "Reid, John"]
[Result "1/2-1/2"]
[WhiteElo "2294"]
[BlackElo "2158"]
[PlyCount "129"]
[EventDate "2014.05.03"]
[WhiteTeam "Bristol 1"]
[BlackTeam "Hackney"]

1. Nf3 Nf6 2. c4 g6 3. Nc3 Bg7 4. e4 O-O 5. d4 d6 6. Be2 e5 7. Be3 exd4 8. Nxd4
Re8 9. f3 c6 10. Bf2 d5 11. exd5 cxd5 12. c5 Nc6 13. O-O Nh5 14. Qd2 Be5 15. g3
Ng7 16. f4 Bxd4 17. Bxd4 Nxd4 18. Qxd4 Nf5 19. Qf2 Ne3 20. Rfc1 d4 21. Nd1 Ng4
22. Bxg4 Bxg4 23. Rc4 Re4 24. Nc3 Re3 25. Nb5 Qe7 26. Nxd4 Rd8 27. f5 Qe5 28.
fxg6 hxg6 29. Rf1 f5 30. Qf4 Qxf4 31. Rxf4 g5 32. Rf1 Re4 33. h3 Bxh3 34. Rd1
Bg4 35. Rd2 Kf7 36. Rb4 Kf6 37. a3 Rd5 38. Nb3 Re1+ 39. Kf2 Rxd2+ 40. Kxe1 Re2+
41. Kf1 Rxb2 42. Rxb7 Bf3 43. Rb4 Be4 44. Nd4 Rxb4 45. axb4 Ke5 46. Nb3 Bd5 47.
Na5 a6 48. Kf2 Ke4 49. c6 Be6 50. Nb7 Kd5 51. Nd8 Bc8 52. Ke3 g4 53. Kd3 Kd6
54. Kd4 Kc7 55. Nf7 Kxc6 56. Ne5+ Kb5 57. Kc3 Be6 58. Nd3 Bc4 59. Nf4 Bf1 60.
Ne6 Kc6 61. Nd4+ Kd5 62. Nxf5 Ke4 63. Nh6 Kf3 64. Nxg4 Kxg4 65. Kb2 1/2-1/2

[Event "4NCL Division 2c"]
[Site "Hinckley Island ENG"]
[Date "2014.05.03"]
[Round "9.43"]
[White "Mackle, Dominic"]
[Black "Buckley, David E"]
[Result "0-1"]
[WhiteElo "2260"]
[BlackElo "2274"]
[PlyCount "74"]
[EventDate "2014.05.03"]
[WhiteTeam "Hackney"]
[BlackTeam "Bristol 1"]

1. d4 Nf6 2. Nf3 d5 3. e3 c5 4. Bd3 Nc6 5. a3 cxd4 6. exd4 Bg4 7. c3 e6 8. Bg5
Bd6 9. Nbd2 Bh5 10. O-O Bg6 11. Qc2 O-O 12. Rfe1 Rc8 13. Rad1 Be7 14. Bxf6 Bxf6
15. Bxg6 hxg6 16. Qd3 Qb6 17. b4 Qc7 18. Rc1 Rfd8 19. Qe3 Ne7 20. g4 Rd6 21.
Qf4 g5 22. Nxg5 Ng6 23. Qe3 Rc6 24. c4 Qf4 25. Ngf3 Qxg4+ 26. Kh1 dxc4 27. b5
R6c7 28. Ne4 Be7 29. Rc3 Qf5 30. Rb1 Nf4 31. Rc2 Nd5 32. Qe2 Bxa3 33. Ra2 Be7
34. Rxa7 c3 35. Ne1 c2 36. Rc1 Nf4 37. Qf3 Qxb5 0-1

[Event "4NCL Division 2c"]
[Site "Hinckley Island ENG"]
[Date "2014.05.03"]
[Round "9.44"]
[White "Curtis, John E"]
[Black "Lyell, Mark"]
[Result "1-0"]
[WhiteElo "2102"]
[BlackElo "2228"]
[PlyCount "82"]
[EventDate "2014.05.03"]
[WhiteTeam "Bristol 1"]
[BlackTeam "Hackney"]

1. d4 d5 2. Nf3 Nf6 3. e3 c5 4. c4 cxd4 5. exd4 g6 6. Nc3 Bg7 7. cxd5 O-O 8.
Bc4 Nbd7 9. d6 exd6 10. O-O Nb6 11. Bb3 Bf5 12. Re1 Rc8 13. Bf4 Nc4 14. Bxc4
Rxc4 15. Qb3 Rc6 16. Qxb7 Rb6 17. Qxa7 Rxb2 18. Rac1 Ng4 19. Nd1 Rb5 20. Qe7
Qa8 21. Bxd6 Rb7 22. Qe2 Rd8 23. Bc5 Bh6 24. Rc3 Rb1 25. Ra3 Qb8 26. Ra7 Bf4
27. h3 Nh6 28. Re7 Be6 29. Nc3 Rxe1+ 30. Qxe1 Nf5 31. Rxe6 fxe6 32. Qxe6+ Kg7
33. g4 Qb7 34. gxf5 Qxf3 35. Qe7+ Kh6 36. Qh4+ Kg7 37. Qxd8 Bh2+ 38. Kf1 Qxf5
39. Qe7+ Kg8 40. Ne4 Qxh3+ 41. Ke1 Bd6 1-0

[Event "4NCL Division 2c"]
[Site "Hinckley Island ENG"]
[Date "2014.05.03"]
[Round "9.45"]
[White "Cenal Gutierrez, Ruben"]
[Black "Dilleigh, Stephen P"]
[Result "0-1"]
[WhiteElo "2228"]
[BlackElo "2136"]
[PlyCount "104"]
[EventDate "2014.05.03"]
[WhiteTeam "Hackney"]
[BlackTeam "Bristol 1"]

1. d4 d5 2. Nf3 Nf6 3. Bf4 c5 4. c3 Qb6 5. Qc2 Nc6 6. e3 Bg4 7. Nbd2 e6 8. dxc5
Bxc5 9. Bd3 Bh5 10. O-O Bg6 11. e4 dxe4 12. Nxe4 Nxe4 13. Bxe4 O-O 14. b4 Be7
15. Bxg6 hxg6 16. Qe4 Bf6 17. Rac1 Rfd8 18. Bg5 Rd7 19. a3 Ne7 20. Bxf6 gxf6
21. c4 Rad8 22. Rc3 Qc6 23. Qxc6 Nxc6 24. g3 a6 25. Kg2 e5 26. Rb1 e4 27. Ne1
Ne5 28. Nc2 Rd2 29. Ne3 R8d3 30. Rbc1 Rxc3 31. Rxc3 Nd3 32. Kg1 Nxf2 33. Rc2
Nh3+ 34. Kf1 Rd3 35. Nd5 f5 36. a4 Ng5 37. a5 Nf3 38. h4 Kg7 39. Kf2 Ne5 40.
Nf4 Ng4+ 41. Ke2 Re3+ 42. Kd2 Rxg3 43. Rc3 Rg1 44. Kc2 Rf1 45. Nd5 Rf2+ 46. Kb3
f4 47. b5 e3 48. Rc1 e2 49. Re1 f3 50. Nc3 Rf1 51. Rxe2 fxe2 52. Nxe2 Ne5 0-1